00774nam a2200217 a 4500001000400000003001000004005001700014008004100031020001800072040002500090080001900115100002100134245014800155260003900303300002000342504003600362650002700398650003200425650004400457650005500501407BR-CuiBMT20231129051858.0231101s2009 mgb 001 0 por d a9788577002313 aBR-CuiBMTcBR-CuiBMT a35.077.3220071 aFerreira, Daniel10aTeoria geral da infração administrativa a partir da Constituição Federal de 1988 /cDaniel Ferreira ; prefácio Márcio Cammarosano.  aBelo Horizonte : bFórum,c2009. a392 p. ;c22 cm aInclui bibliografia e índice. aDireito administrativo aInfração administrativa aControle da administração pública aCrime contra a administração públicazBrasil